| 000 | 00414nam a2200133 a 4500 | ||
|---|---|---|---|
| 005 | 20140513081056.0 | ||
| 008 | 070905s19uu xx 00 eng d | ||
| 050 |
_aDVD _bLe438 2005 |
||
| 245 |
_aLearn about Letters: _bearly learning skills for boys & girls. |
||
| 260 |
_aPhilippines : _bFirefly Entertainment, _c2005. |
||
| 440 | _aBrilliant baby | ||
| 650 | _aAlphabet-letter-sounds-association. | ||
| 999 |
_c116542 _d116542 |
||